| 000 | 01006 a2200205 4500 | ||
|---|---|---|---|
| 003 | Nust | ||
| 005 | 20221013114438.0 | ||
| 010 | _a 80010730 | ||
| 020 | _a0801629888 | ||
| 040 | _cNust | ||
| 082 | 0 | 0 | _a575.1,LEV |
| 100 | 1 |
_aLevine, Louis, _9100104 |
|
| 245 | 1 | 0 |
_aBiology of the gene / _cLouis Levine. |
| 250 | _a3rd ed. | ||
| 260 |
_aSt. Louis : _bMosby, _c1980. |
||
| 300 |
_axvii, 542 p. : _bill. ; _c24 cm. |
||
| 505 | _aNature and Functions of Hereditary Material (Page-1), Physical Basic of Inheritance (Page-48), Fundamentals of Genetics (Page-93), Multiple-Factor Inheritance (Page-125), Sex Chromosomes and Sex Determination (Page-149), Chromosome Numbers (Page-176), Genes and Chromosomes (Page-205), Extrachromomal Inheritance (Page-254), The Nature of The Gene (Page-285), Genes and Metabolism (Page-318), Genes and Development (Page-349) Behavior Genetics (Page-394), Genes in Populations (Page-434), Race and Species formation (Page-477). | ||
| 650 | 0 | _aGenetics. | |
| 942 |
_2ddc _cBK |
||
| 999 |
_c184488 _d184488 |
||